Elisa and elisa test on trypanosomiasis, អេលីសា និងការធ្វើតេស្ដលើជំងឺទ្រីប៉ាណូសូមីអាស៊ីស (Record no. 1669)
[ view plain ]
| 000 -LEADER | |
|---|---|
| fixed length control field | 00545nam a22001577a 4500 |
| 003 - CONTROL NUMBER IDENTIFIER | |
| control field | OSt |
| 005 - DATE AND TIME OF LATEST TRANSACTION | |
| control field | 20151002143106.0 |
| 008 - FIXED-LENGTH DATA ELEMENTS--GENERAL INFORMATION | |
| fixed length control field | 151002b xxu||||| |||| 00| 0 eng d |
| 040 ## - CATALOGING SOURCE | |
| Transcribing agency | RUA |
| 082 ## - DEWEY DECIMAL CLASSIFICATION NUMBER | |
| Classification number | AVM YIM 1995 B068 Or.1 |
| 100 ## - MAIN ENTRY--PERSONAL NAME | |
| 9 (RLIN) | 1768 |
| Personal name | YIM, KACHANAVATEY. |
| 245 ## - TITLE STATEMENT | |
| Title | Elisa and elisa test on trypanosomiasis, អេលីសា និងការធ្វើតេស្ដលើជំងឺទ្រីប៉ាណូសូមីអាស៊ីស |
| 260 ## - PUBLICATION, DISTRIBUTION, ETC. (IMPRINT) | |
| Place of publication, distribution, etc. | Phnom Penh |
| Name of publisher, distributor, etc. | RUA |
| Date of publication, distribution, etc. | 1995 |
| 300 ## - PHYSICAL DESCRIPTION | |
| Extent | 55p. |
| Other physical details | ill. |
| Dimensions | 29cm. |
| 942 ## - ADDED ENTRY ELEMENTS (KOHA) | |
| Source of classification or shelving scheme | |
| Koha item type | AVM |
| Price effective from | Date last seen | Permanent Location | Not for loan | Date acquired | Source of classification or shelving scheme | Koha item type | Lost status | Withdrawn status | Date last checked out | Total Checkouts | Shelving location | Damaged status | Barcode | Current Location | Full call number |
|---|---|---|---|---|---|---|---|---|---|---|---|---|---|---|---|
| 2015-10-02 | 2015-10-02 | Library Block B | 2015-10-02 | AVM | B068 | RUA007193 | Library Block B | AVM YIM 1995 B068 Or.1 | |||||||
| 2015-10-02 | 2022-10-24 | Library Block B | 2015-10-02 | AVM | 2022-10-17 | 1 | B068 | RUA007194 | Library Block B | AVM YIM 1995 B068 Or.2 | |||||
| 2015-10-02 | 2015-10-02 | Library Block B | 2015-10-02 | AVM | B068 | RUA007263 | Library Block B | AVM YIM 1995 B068 Or.3 | |||||||
| 2015-10-02 | 2015-10-02 | Library Block B | 2015-10-02 | AVM | B068 | RUA008109 | Library Block B | AVM YIM 1995 B068 Or.4 | |||||||
| 2015-10-02 | 2015-10-02 | Library Block B | 2015-10-02 | AVM | B068 | RUA008181 | Library Block B | AVM YIM 1995 B068 Or.5 |